Meilleurs jeux Mario - Statistiques

Statistiques générales
  • Ce quiz a été pris 39 fois
  • Le résultat moyen est 7 sur 15
Statistiques - réponses
Top Note Année Console Réponse % Correct
11 92 2017 Nintendo Switch Mario Kart 8 Deluxe
80%
1 97 2007 Wii Super Mario Galaxy
80%
3 97 2017 Nintendo Switch Super Mario Odyssey
77%
2 97 2010 Wii Super Mario Galaxy 2
70%
10 92 2002 Game Cube Super Mario Sunshine
63%
15 91 2005 Nintendo DS Mario Kart DS
47%
5 93 2013 Wii U, Nintendo Switch Super Mario 3D World
43%
4 94 2003 Game Boy Advance Super Mario Advance 4: Super Mario Bros.3
40%
12 91 2000 Nintendo 64 Mario Tennis
30%
9 92 2002 Game Boy Advance Super Mario Advance 2:Super Mario World
27%
8 92 2023 Nintendo Switch Super Mario Bros. Wonder
27%
14 91 1999 Nintendo 64 Mario Golf
20%
6 93 2001 Game Boy Advance Mario Kart: Super Circuit
20%
7 93 2001 Nintendo 64 Paper Mario
20%
13 91 2002 Game Boy Advance Super Mario Advance 3:Yoshi's Island
17%
Aucun quiz correspondant
Distribution des résultats
% des personnes avec chaque résultat
Percentile par nombre de réponses
Votre historique - résultats
Vous n’avez pas pris ce quiz